| 000 | 00666cam a2200241ua 4500 | ||
|---|---|---|---|
| 001 | 10176 | ||
| 008 | 170925n ii |||gr||||Z||||||asm | ||
| 020 | _a9789382750178 | ||
| 040 | _cMAIN | ||
| 041 | _aasm | ||
| 082 | _a370.92 | ||
| 100 |
_aBaruah, Mamoni Gogoi, _eAuthor., |
||
| 245 |
_aGreat educators and educational thought (A) _cBy Mamoni Gogoi Baruah and others |
||
| 250 | _a1st ed. | ||
| 260 |
_aDibrugarh: _bBanalata, _c2013. |
||
| 300 | _a131p. | ||
| 653 | _aEducation | ||
| 700 |
_aSharma, Anu, _eAuthor. |
||
| 700 |
_aNeog, Bijoylakshmi, _eAuthor. |
||
| 700 |
_aBorthakur, Indrani, _eAuthor. |
||
| 700 |
_aDuarah, Niharika, _eAuthor. |
||
| 942 | _cBK | ||
| 999 |
_c9173 _d9173 |
||